[Event "CRI-ch"]
[Site "San Jose"]
[Date "2019.01.13"]
[Round "4"]
[White "Quesada Campos, Jordi Alessandre"]
[Black "Jimenez Garcia, Emanuel"]
[Result "1/2-1/2"]
[WhiteElo "2044"]
[BlackElo "2335"]
[PlyCount "104"]
[EventDate "2019.01.10"]
[EventType "tourn"]
[EventRounds "11"]
[EventCountry "CRI"]
[SourceTitle "CBM 189 Extra"]
[Source "ChessBase"]
[SourceDate "2019.06.03"]
[SourceVersion "1"]
[SourceVersionDate "2019.06.03"]
[SourceQuality "1"]

1. e4 g6 2. d4 Bg7 3. Nc3 c6 4. f4 d5 5. e5 h5 6. Bd3 Nh6 7. Nce2 Bf5 8. Nf3 Nd7 9. 0-0 e6 10. c3 Bf8 11. Ng3 Bxd3 12. Qxd3 h4 13. Nh1 Be7 14. a3 a5 15. Bd2 Qb6 16. Be1 Nf5 17. Rf2 Qa6 18. Rd1 Nb6 19. g4 hxg3 20. Nxg3 Qxd3 21. Rxd3 Nh4 22. Bd2 Nxf3+ 23. Rfxf3 Nc4 24. Bc1 Ra6 25. Nf1 Rb6 26. Rf2 a4 27. Ne3 Na5 28. Nd1 c5 29. Be3 Nc4 30. dxc5 Rb5 31. Kg2 Bxc5 32. Bxc5 Rxc5 33. Ne3 Nxe3+ 34. Rxe3 Rc4 35. Kg3 Kd7 36. Rd2 Kc6 37. Red3 b5 38. Rd4 Rh5 39. h4 Kd7 40. Kg4 Ke7 41. R2d3 f6 42. exf6+ Kxf6 43. Rd2 Ke7 44. Kg3 Kd6 45. R2d3 Rc7 46. Kg4 Rch7 47. Rh3 Kc5 48. Rh2 e5 49. fxe5 Rxe5 50. Rhd2 Rf7 51. Rf4 Rxf4+ 52. Kxf4 Rf5+ 1/2-1/2

[Event "CRI-ch"]
[Site "San Jose"]
[Date "2019.01.11"]
[Round "2"]
[White "Quesada Campos, Jordi Alessandre"]
[Black "Chinchilla Miranda, Eugenio"]
[Result "0-1"]
[WhiteElo "2044"]
[BlackElo "2220"]
[PlyCount "92"]
[EventDate "2019.01.10"]
[EventType "tourn"]
[EventRounds "11"]
[EventCountry "CRI"]
[SourceTitle "CBM 189 Extra"]
[Source "ChessBase"]
[SourceDate "2019.06.03"]
[SourceVersion "1"]
[SourceVersionDate "2019.06.03"]
[SourceQuality "1"]

1. e4 c5 2. Nc3 Nc6 3. Bb5 Nd4 4. Nf3 a6 5. Bd3 Nc6 6. 0-0 d6 7. h3 g6 8. b3 Bg7 9. Bb2 b5 10. Re1 e5 11. a4 b4 12. Nd5 Nce7 13. Ne3 Nf6 14. c3 Rb8 15. Rb1 Nc6 16. Qe2 0-0 17. Nc2 a5 18. Bc4 Nh5 19. Rbd1 Nf4 20. Qf1 Kh8 21. Bc1 Qf6 22. Re3 Bh6 23. Nh2 Qh4 24. d4 bxc3 25. dxc5 dxc5 26. Rxc3 Bg7 27. Ba3 Nb4 28. Ne3 f5 29. exf5 e4 30. Bb2 Nbd3 31. Bxd3 Nxd3 32. Ba1 Bxf5 33. Rc4 Bxa1 34. Rxd3 Bd4 35. Rdxd4 cxd4 36. Qa1 Qf6 37. Qxd4 Qxd4 38. Rxd4 Rxb3 39. Rd5 Rb1+ 40. Nhf1 Ra8 41. Kh2 Ra1 42. Ng3 Rxa4 43. Ngxf5 gxf5 44. Nxf5 Rb4 45. Rd7 a4 46. Ne3 a3 0-1

[Event "Titled Tuesday intern op 2nd Jan"]
[Site "Chess.com INT"]
[Date "2018.01.02"]
[Round "8"]
[White "Quesada Campos, Jordi Alessandre"]
[Black "Toncheva, Nadya"]
[Result "0-1"]
[WhiteElo "1961"]
[BlackElo "1885"]
[PlyCount "56"]
[EventDate "2018.01.02"]
[EventType "swiss (blitz)"]
[EventRounds "10"]
[EventCountry "USA"]
[SourceTitle "EXT 2021"]
[Source "ChessBase"]
[SourceDate "2020.10.23"]
[SourceVersion "1"]
[SourceVersionDate "2020.10.23"]
[SourceQuality "1"]

1. e4 c5 2. Nc3 e6 3. f4 d6 4. Nf3 Nf6 5. Bb5+ Nc6 6. Bxc6+ bxc6 7. 0-0 Be7 8. d3 Ba6 9. e5 Nd5 10. Ne4 dxe5 11. Nxe5 Qc7 12. Qh5 Bf6 13. Nxc5 g6 14. Nxa6 Qb6+ 15. Kh1 gxh5 16. c4 Qxa6 17. cxd5 cxd5 18. Be3 Bxe5 19. fxe5 Qxd3 20. Bc5 Rg8 21. Rf2 Qc4 22. Bd6 Qe4 23. Raf1 Rc8 24. b4 Rc2 25. Bc5 Rxf2 26. Rxf2 Qe1+ 27. Rf1 Qxf1+ 28. Bg1 Qxg2# 0-1

[Event "Pan American-ch U18"]
[Site "San Jose"]
[Date "2017.07.03"]
[Round "5"]
[White "Quesada Campos, Jordi Alessandre"]
[Black "Santiago Vilca, Christian Amilca"]
[Result "1-0"]
[WhiteElo "1906"]
[BlackElo "2260"]
[PlyCount "147"]
[EventDate "2017.07.01"]
[EventType "swiss"]
[EventRounds "9"]
[EventCountry "CRI"]
[SourceTitle "EXT 2022"]
[Source "ChessBase"]
[SourceDate "2021.10.06"]
[SourceVersion "1"]
[SourceVersionDate "2021.10.06"]
[SourceQuality "1"]

1. e4 c5 2. Nc3 e6 3. f4 d5 4. Nf3 Nc6 5. Bb5 Nge7 6. exd5 exd5 7. Qe2 f6 8. Bxc6+ bxc6 9. d3 Kf7 10. 0-0 Nf5 11. b3 Be7 12. Na4 Re8 13. Qf2 c4 14. dxc4 dxc4 15. Bb2 c5 16. Ba3 Bd7 17. Rad1 Qc7 18. Nxc5 Bc6 19. Nd4 Ne3 20. Qxe3 Bxc5 21. Qc3 Bd5 22. Bxc5 Qxc5 23. Rf2 Re4 24. Nf5 Rae8 25. Qd2 Kf8 26. h3 cxb3 27. axb3 Bxb3 28. Nxg7 Kxg7 29. cxb3 Rb8 30. Qd3 Re3 31. Qd7+ Kh8 32. Qd6 Qxd6 33. Rxd6 Rb6 34. Rd7 Rbe6 35. Rc2 Re7 36. Rcc7 Rxd7 37. Rxd7 Rxb3 38. Rxa7 Kg8 39. Kh2 Rc3 40. h4 Rb3 41. g3 Rb2+ 42. Kh3 Rb5 43. Kg4 h5+ 44. Kf3 f5 45. Re7 Rb3+ 46. Kf2 Rb2+ 47. Kf3 Rb3+ 48. Re3 Rb6 49. Re5 Rf6 50. Ke3 Rg6 51. Rxf5 Rxg3+ 52. Ke4 Ra3 53. Rxh5 Kg7 54. Kf5 Ra1 55. Rg5+ Kh6 56. Rg8 Ra5+ 57. Kg4 Ra1 58. Re8 Rh1 59. Kf5 Kg7 60. Re7+ Kf8 61. Rh7 Kg8 62. Rh6 Kg7 63. Rg6+ Kf7 64. Rg4 Ra1 65. Kg5 Ra5+ 66. f5 Kg7 67. Rb4 Ra6 68. Rb7+ Kg8 69. h5 Kf8 70. h6 Kg8 71. f6 Ra1 72. f7+ Kf8 73. h7 Rg1+ 74. Kf4 1-0

[Event "Pan American-ch U18"]
[Site "San Jose"]
[Date "2017.07.01"]
[Round "1"]
[White "Quesada Campos, Jordi Alessandre"]
[Black "Song, Michael"]
[Result "0-1"]
[WhiteElo "1906"]
[BlackElo "2410"]
[PlyCount "86"]
[EventDate "2017.07.01"]
[EventType "swiss"]
[EventRounds "9"]
[EventCountry "CRI"]
[SourceTitle "EXT 2022"]
[Source "ChessBase"]
[SourceDate "2021.10.06"]
[SourceVersion "1"]
[SourceVersionDate "2021.10.06"]
[SourceQuality "1"]

1. e4 c5 2. Nc3 e6 3. f4 Nc6 4. Nf3 a6 5. g3 d5 6. d3 Nf6 7. Bg2 Be7 8. 0-0 0-0 9. Ne5 Na5 10. Qe2 d4 11. Nd1 Nd7 12. Nf3 b5 13. Nf2 Bb7 14. Bd2 Rc8 15. c3 Nc6 16. b3 dxc3 17. Bxc3 Nb6 18. Qb2 Bf6 19. Bxf6 gxf6 20. Ng4 Kg7 21. Qd2 h5 22. Ne3 Nd4 23. Nh4 Rc7 24. f5 e5 25. Qd1 Rh8 26. g4 hxg4 27. Qxg4+ Kf8 28. Rf2 Ke7 29. Rc1 Qf8 30. Nf3 Qh6 31. Re1 Rcc8 32. Nxd4 Qxh2+ 33. Kf1 cxd4 34. Nd5+ Bxd5 35. exd5 Qh4 36. Qf3 Kd6 37. Qe2 Qg3 38. Rf3 Qg5 39. Qb2 b4 40. a3 Nxd5 41. axb4 Ne3+ 42. Rexe3 dxe3 43. Qa3 Rc1+ 0-1

[Event "San Jose op"]
[Site "San Jose"]
[Date "2013.07.21"]
[Round "8"]
[White "Quesada Campos, Jordi Alessandre"]
[Black "Flores Rojas, Federico"]
[Result "1-0"]
[WhiteElo "2006"]
[BlackElo "1979"]
[PlyCount "107"]
[EventDate "2013.06.29"]
[EventType "swiss"]
[EventRounds "9"]
[EventCountry "CRI"]
[SourceTitle "EXT 2014"]
[Source "ChessBase"]
[SourceDate "2013.11.20"]
[SourceVersion "1"]
[SourceVersionDate "2013.11.20"]
[SourceQuality "1"]

1. e4 c5 2. Nc3 a6 3. g3 b5 4. d3 Bb7 5. Bg2 e6 6. f4 d5 7. e5 h5 8. h3 Nc6 9. Nf3 Nh6 10. 0-0 Nf5 11. Ne2 Be7 12. Kh2 Qb6 13. Bd2 a5 14. c3 d4 15. Qc2 Rd8 16. Rad1 Ba6 17. Ne1 Bb7 18. Bxc6+ Bxc6 19. cxd4 Nxd4 20. Nxd4 Rxd4 21. Be3 Rd5 22. Qe2 b4 23. Nc2 Bb5 24. Rd2 Qa6 25. Rfd1 g6 26. Ne1 0-0 27. g4 hxg4 28. Qxg4 Kg7 29. d4 c4 30. Nf3 c3 31. bxc3 bxc3 32. Rg2 Bf1 33. Rxf1 Qxf1 34. Ng5 Qd3 35. Nxe6+ fxe6 36. Qxe6 Rb5 37. Qxe7+ Rf7 38. Qd6 Rb2 39. e6 Rxg2+ 40. Kxg2 Qe2+ 41. Kh1 Qf3+ 42. Kh2 Rb7 43. Qe5+ Kh7 44. Bc1 Qf2+ 45. Kh1 Qf1+ 46. Kh2 Qxc1 47. e7 Rb2+ 48. Kg3 Qg1+ 49. Kh4 Qf2+ 50. Kg5 Re2 51. e8Q Rxe5+ 52. Qxe5 Qg3+ 53. Kf6 Qxh3 54. Qe7+ 1-0

[Event "San Jose op"]
[Site "San Jose"]
[Date "2013.06.30"]
[Round "2"]
[White "Quesada Campos, Jordi Alessandre"]
[Black "Alfaro Rojas, Alfonso Jose"]
[Result "0-1"]
[WhiteElo "2006"]
[BlackElo "2349"]
[PlyCount "74"]
[EventDate "2013.06.29"]
[EventType "swiss"]
[EventRounds "9"]
[EventCountry "CRI"]
[SourceTitle "EXT 2014"]
[Source "ChessBase"]
[SourceDate "2013.11.20"]
[SourceVersion "1"]
[SourceVersionDate "2013.11.20"]
[SourceQuality "1"]

1. e4 Nf6 2. e5 Nd5 3. d4 d6 4. Nf3 dxe5 5. Nxe5 c6 6. Bc4 Nd7 7. Nf3 N7f6 8. h3 Bf5 9. Bb3 e6 10. Bg5 Be7 11. 0-0 h6 12. Bh4 g5 13. Bg3 Ne4 14. Nbd2 Nxg3 15. fxg3 Ne3 16. Qe2 Nxf1 17. Rxf1 g4 18. hxg4 Bxg4 19. Qe4 Bf5 20. Qe3 Bg5 21. Nxg5 Qxg5 22. Qxg5 hxg5 23. Nc4 Ke7 24. Na5 Rab8 25. d5 cxd5 26. Bxd5 exd5 27. Rxf5 f6 28. Rxd5 Rhd8 29. Rb5 Rd1+ 30. Kf2 Rd2+ 31. Ke3 Rxc2 32. Kd3 Rc7 33. Ke4 b6 34. Nb3 Rd8 35. Rb4 Kf7 36. Rd4 Re8+ 37. Kd3 Rce7 0-1

[Event "San Jose op"]
[Site "San Jose"]
[Date "2013.06.30"]
[Round "3"]
[White "Solano Cuya, Bryan"]
[Black "Quesada Campos, Jordi Alessandre"]
[Result "1-0"]
[WhiteElo "1993"]
[BlackElo "2006"]
[PlyCount "51"]
[EventDate "2013.06.29"]
[EventType "swiss"]
[EventRounds "9"]
[EventCountry "CRI"]
[SourceTitle "EXT 2014"]
[Source "ChessBase"]
[SourceDate "2013.11.20"]
[SourceVersion "1"]
[SourceVersionDate "2013.11.20"]
[SourceQuality "1"]

1. d4 d5 2. c4 c6 3. Nf3 Nf6 4. Qc2 e6 5. Bg5 Nbd7 6. e3 Bd6 7. cxd5 exd5 8. Bd3 h6 9. Bh4 0-0 10. Nc3 Re8 11. 0-0 Nf8 12. Bg3 Bxg3 13. hxg3 Be6 14. b4 N8d7 15. a4 a5 16. b5 c5 17. Rad1 c4 18. Bf5 Nb6 19. Rfe1 Bxf5 20. Qxf5 Ne4 21. Nxe4 dxe4 22. Nd2 Qc8 23. Qf4 Qe6 24. Rc1 Rac8 25. f3 f5 26. g4 1-0